Online katalóg knižníc regiónu Turca

Výber z diela (Record no. 20609)

MARC details
000 -LEADER
fixed length control field 01688cam a2200481 a 4500
001 - CONTROL NUMBER
control field 20609
003 - CONTROL NUMBER IDENTIFIER
control field VRT
005 - DATE AND TIME OF LATEST TRANSACTION
control field 20260127141331.0
008 - FIXED-LENGTH DATA ELEMENTS--GENERAL INFORMATION
fixed length control field 230403s1952 xo o gr 000 j slo
015 ## - NATIONAL BIBLIOGRAPHY NUMBER
National bibliography number SNBA19451955-004788
020 ## - INTERNATIONAL STANDARD BOOK NUMBER
Qualifying information (viazané)
035 ## - SYSTEM CONTROL NUMBER
System control number SK01SNKBKSFS20010069154
035 ## - SYSTEM CONTROL NUMBER
System control number urn:nbn:sk:snk-am3ihus
035 ## - SYSTEM CONTROL NUMBER
System control number FC0A01C8-7735-4CEA-BD4E-E732F9948E0D
035 ## - SYSTEM CONTROL NUMBER
System control number urn:nbn:sk:snk-am00eeln
035 ## - SYSTEM CONTROL NUMBER
System control number SKM000071617
039 #9 - LEVEL OF BIBLIOGRAPHIC CONTROL AND CODING DETAIL [OBSOLETE]
Level of rules in bibliographic description 202304032047
Level of effort used to assign nonsubject heading access points VLOAD
Level of effort used to assign subject headings 202212050954
Level of effort used to assign classification VLOAD
Level of effort used to assign subject headings 202205110905
Level of effort used to assign classification VLOAD
Level of effort used to assign subject headings 202106231929
Level of effort used to assign classification VLOAD
040 ## - CATALOGING SOURCE
Original cataloging agency SNK
Language of cataloging slo
Transcribing agency SNK
Description conventions AACR2
041 0# - LANGUAGE CODE
Language code of text/sound track or separate title slo
044 ## - COUNTRY OF PUBLISHING/PRODUCING ENTITY CODE
MARC country code xo
ISO country code SK
080 ## - UNIVERSAL DECIMAL CLASSIFICATION NUMBER
Universal Decimal Classification number 821.162.4-3
Edition identifier 2011
080 ## - UNIVERSAL DECIMAL CLASSIFICATION NUMBER
Universal Decimal Classification number (082.21)
Edition identifier 2011
100 1# - MAIN ENTRY--PERSONAL NAME
Personal name Jilemnický, Peter,
Dates associated with a name 1901-1949
Relationship aut
245 10 - TITLE STATEMENT
Title Výber z diela
Statement of responsibility, etc. Peter Jilemnický ; výber sostavila Viera Bunčáková
250 ## - EDITION STATEMENT
Edition statement Vydanie prvé
260 ## - PUBLICATION, DISTRIBUTION, ETC.
Place of publication, distribution, etc. Bratislava
Name of publisher, distributor, etc. Smena
Date of publication, distribution, etc. 1952
Place of manufacture Martin
Manufacturer Severoslovenské tlačiarne
300 ## - PHYSICAL DESCRIPTION
Extent 303 strán, 4 nečíslované strany obrazových príloh
Other physical details fotografie
Dimensions 25 cm
366 ## - TRADE AVAILABILITY INFORMATION
Note 10500 kusov
490 1# - SERIES STATEMENT
Series statement Knižnica strednej školy
Volume/sequential designation sv. 1
504 ## - BIBLIOGRAPHY, ETC. NOTE
Bibliography, etc. note Obsahuje vysvetlivky
600 17 - SUBJECT ADDED ENTRY--PERSONAL NAME
Personal name Jilemnický, Peter,
Dates associated with a name 1901-1949
Source of heading or term SNKMA
655 #7 - INDEX TERM--GENRE/FORM
Genre/form data or focus term slovenské prózy
Source of term SNKPH
655 #7 - INDEX TERM--GENRE/FORM
Genre/form data or focus term výbery
Source of term SNKPH
700 1# - ADDED ENTRY--PERSONAL NAME
Personal name Bunčáková, Viera,
Dates associated with a name 1920-2003
Relationship com
-- aut
830 #0 - SERIES ADDED ENTRY--UNIFORM TITLE
Uniform title Knižnica strednej školy
910 ## - USER-OPTION DATA (OCLC)
User-option data snk
942 ## - ADDED ENTRY ELEMENTS (KOHA)
Source of classification or shelving scheme Dewey Decimal Classification
Koha item type Krásna literatúra pre dospelých
Suppress in OPAC No
949 ## - LOCAL PROCESSING INFORMATION (OCLC)
6 17A0568944
a snkSC 13259
b snkKSK 422/59
s 6100:20200217
949 ## - LOCAL PROCESSING INFORMATION (OCLC)
6 273K0419781
a svkpoB 13558
b svkpo51419
949 ## - LOCAL PROCESSING INFORMATION (OCLC)
6 270001000134418
a svkbbS 71721
p 27.967
949 ## - LOCAL PROCESSING INFORMATION (OCLC)
6 17A1152701
a snkSC 13259 D1
b snkK 4110/66
Holdings
Stav vyradenia Strata Poškodenie Spôsob nadobudnutia Domovská knižnica Aktuálna knižnica Dátum nadobudnutia Total checkouts Čiarový kód exemplára Date last seen Typ exemplára
      Dar Obecná knižnica Horná Štubňa Obecná knižnica Horná Štubňa 27.01.2026   4736200711 27.01.2026 Krásna literatúra pre dospelých
Projekt je podporený Slovenskou asociáciou knižníc
Prevádzkuje Turčianska knižnica Martin 2026